Statistics for Every NHL Conference and Division Ever

Click here to take the quiz!

General Stats

  • This quiz has been taken 57 times
  • The average score is 14 of 20

Answer Stats

Answer% Correct
Pacific Division
96%
Central Division
94%
East Division
94%
West Division
94%
Atlantic Division
90%
Metropolitan Division
88%
North Division
84%
Eastern Conference
82%
Western Conference
82%
American Division
59%
Canadian Division
59%
Clarence Campbell Conference
57%
Prince of Wales Conference
53%
Southeast Division
53%
Northeast Division
51%
Smythe Division
49%
Northwest Division
47%
Norris Division
45%
Adams Division
43%
Patrick Division
43%

Score Distribution

Percentile by Number Answered

Percent of People with Each Score

Your Score History

You have not taken this quiz